000 00599nam a2200241Ia 4500
008 171120s9999 xx 000 0 und d
020 _a9710863940
050 _a899.21
050 _bA445 2007
100 _aArrogante, Jose A.
245 _aPanitikang Filipino :
245 _bantolohiya /
245 _cby Jose A. Arrogante.
260 _aPhilippines :
260 _bNational Book Store,
260 _c2007
300 _a588 pages :
300 _billustrations ;
300 _c22cm.
650 _aPhilippine literature --
650 _xHistory and criticism.
700 _aTitle.
999 _c345257
_d345257